{"text_format":"3","workbook":"xlsx","n_sheets":3,"sheets":["封面","汇总表","装饰装修"],"not_rendered":{"defined_names":2},"read":"whole","date_system":"1900"}

{"sheet":"封面","index":0,"n_rows":8,"n_cols":7,"rows_kept":8,"merged":[[0,0,0,7],[1,0,3,7],[4,0,4,1],[4,2,4,5],[5,0,5,1],[5,2,5,5],[6,0,6,6],[7,0,7,1],[7,2,7,5],[8,0,8,6]]}
["\n临漳公园公交首末站项目装饰装修专业工程分包\n"]
["工程量清单报价书"]
[]
[]
["      报价单位：",{"$nulls":5},"(单位盖公章)"]
["法定代表人：",{"$nulls":5},"(签字或盖章)"]
[]
["   编制时间：",null,"2020年08月 09 日"]

{"sheet":"汇总表","index":1,"n_rows":11,"n_cols":6,"rows_kept":11,"merged":[[0,0,0,5],[1,0,1,5],[2,2,2,4],[3,2,3,4],[5,0,5,5]]}
[{"$f":"封面!A1","v":"\n临漳公园公交首末站项目装饰装修专业工程分包\n"}]
["招标控制价汇总表"]
["序号","项目","招标控制价（元）\n",null,null,"备注"]
[1,"装饰装修专业工程工程清单",{"$f":"装饰装修!J142","v":{"v":414384.4791654828,"d":"414,384.48"}}]
[2,"其中报价（增值税）","税率",{"v":0.09,"d":"9%"},{"$f":"C4/(1+D5)*D5","v":{"v":34215.23222467289,"d":"34215.23"}},"税率由投标单位根据自身情况自身填报，后期开票税率应与填报税率一致"]
["备注：上述报价采用暂定价具体详各分项编制说明"]
["投标单位（签章）："]
[]
["法定代表人或授权委托人："]
[]
["日期："]

{"sheet":"装饰装修","index":2,"n_rows":142,"n_cols":11,"rows_kept":142,"merged":[[0,0,0,10],[1,0,1,10],[2,0,3,0],[2,1,3,1],[2,2,3,2],[2,3,3,3],[2,4,3,4],[2,5,3,5],[2,7,3,7],[2,8,3,8],[2,9,3,9],[2,10,3,10],[4,1,4,2],[4,10,19,10],[6,1,6,2],[7,0,7,2],[20,0,20,2],[29,0,29,2],[31,1,31,2],[32,0,32,2],[39,0,39,2],[46,1,46,2],[47,0,47,2],[76,0,76,2],[85,0,85,2],[102,0,102,2],[107,0,107,2],[110,0,110,2],[113,0,113,2],[115,1,115,2],[116,0,116,2],[133,0,133,2],[136,0,136,2],[139,0,139,2],[141,1,141,5]]}
["临漳公园公交首末站项目装饰装修专业工程分包"]
["招标控制价清单"]
["序号","分部分项工程","工程项目特征","计量单位","工程量   ","综合单价\n（元，不含税）","税金","综合单价\n（元，含税）","合价（不含税）","合价(含税)","备注"]
[{"$nulls":6},{"v":0.09,"d":"9.00%"}]
["一","临建工程",{"$nulls":8},"工程量清单编制说明\n一、招标范围：总承包合同、施工图纸范围内、招标人要求的管理用房和门房的装饰装修工程、门窗工程水电安装工程、建设单位要求的会议室精装修暂列金额及招标人临时建设临水临电需求等（包工期、包质量、包安全、包人工、包材料、包机具、包测量等）及工程量清单、设计变更、业主要求增加、工程联系单等要求的工作内容。投标人一旦中标，必须负责承包范围内所有工程的施工、验收、决算、保修等全部实施过程，同时也负责所在施工区域的文明施工及安全保护措施。\n二、编制依据：\n1、临漳公园公交首末站项目图纸\n2、《建设工程工程量清单计价规范》GB50500－2013，2018版《安徽省建设工程工程量清单计价办法》（建筑工程、装饰装修工程、安装工程、市政工程、景观园林工程）\n三：清单编制说明：\n1、工程量清单列出的每个细目已包括涉及与该细目有关的全部工程内容，投标人须自行综合考虑，投标人应将工程量清单与招标文件、合同通用条款、专用条款以及技术规范和会议纪要文件一起对照阅读。\n2、投标人必须注意，投标时所报的综合单价须是包含完成清单分项工程的所有工作内容及所需采取相应技术措施、施工方案等费用的报价。\n3、投标人须认真阅读与项目有关的招标文件、会议纪要文件等，并通过现场勘查，考虑周边环境及施工期间可能出现的事宜，确定其各项可能产生的费用，且已包含在投标报价中，工程结算时不再调整该部分的费用。\n4、措施项目费：清单所列项目仅供参考，投标人应根据其自行编制的施工组织设计文件，结合企业的技术装备情况，自行确定措施项目，但投标人必须是对施工现场实际勘察后结合工程经验，对所有的措施项目作出措施报价，没有报价的，视为已含在其他项目的报价中。一旦中标，措施项目费用不再调整。\n5、投标人应填写工程量清单中所有工程细目的价格，凡技术规范和图纸中注明的工程内容，如在清单中未列项，均应视为包含中其它相关项目中。\n6、投标人对工程量清单有任何疑问，应于招标文件规定的疑问提交截止日前提出，否则视为投标人认可该工程量清单已包括了招标范围的全部内容。\n\n\n\n7、清单描述不明确的，以会议纪要文件和相关施工验收规范、图集为准；清单与会议纪要文件标准不一致的，以业主要求为准。\n8、投标单位自行勘察现场，满足业主及工程规范要求。"]
[1,"临水临电","1、按招标人和总平面图布置要求，编制临时用电施工方案并负责生活区、办公区及施工现场的临时用电用水的施工，所需材料设备（配电箱、配电柜、电线电缆、管道管线等）由中标人提供，工程结束后，所有材料设备由中标人回收并退场；施工现场临时用电由中标人的专人负责，且需持证上岗；\n2、临水布置，场区内打供水井一口，保障施工现场用水，压力水泵，规格型号满足施工用水生活用水需求，水管布设满足施工现场需求；\n3、临电布置，一级配电箱、二级配电箱、三级配电箱布设参照施工平面布置图及根据现场实际情况布置，配电箱由投标人提供；","项",1,{"v":15000,"d":"15000.00"},{"$f":"F6*$G$4","v":{"v":1350,"d":"1350.00"}},{"$f":"F6+G6","v":{"v":16350,"d":"16350.00"}},{"$f":"E6*F6","v":{"v":15000,"d":"15000.00"}},{"$f":"E6*H6","v":{"v":16350,"d":"16350.00"}}]
["二","管理用房"]
["楼地面装饰工程"]
[2,"石材楼地面（走廊）","1、做法参见国标05J909第LD15地12A节点","m2",52.56,{"v":172.645758,"d":"172.65"},{"$f":"F9*$G$4","v":{"v":15.53811822,"d":"15.54"}},{"$f":"F9+G9","v":{"v":188.18387622,"d":"188.18"}},{"$f":"E9*F9","v":{"v":9074.26104048,"d":"9074.26"}},{"$f":"E9*H9","v":{"v":9890.9445341232,"d":"9890.94"}}]
[3,"块料楼地面（卫生间）","1、面砖\n2、1:3水泥砂浆保护层\n3、1.5mm厚聚合物水泥防水涂料\n4、20厚水泥砂浆找平层，四周做成圆弧状\n5、20厚水泥砂浆找坡层","m2",39.44,{"v":147.27238200000002,"d":"147.27"},{"v":13.254514380000002,"d":"13.25"},{"$f":"F10+G10","v":{"v":160.52689638,"d":"160.53"}},{"$f":"E10*F10","v":{"v":5808.42274608,"d":"5808.42"}},{"$f":"E10*H10","v":{"v":6331.1807932272,"d":"6331.18"}}]
[4,"块料楼地面","1、8~10（10~15）厚地砖，干水泥擦缝\n2、20厚1:3干硬性水泥砂浆结合层，表面撒水泥粉\n3、水泥浆一道（内掺建筑胶）\n4、60厚C15混凝土垫层\n5、素土夯实","m2",123.9,{"v":139.81248000000002,"d":"139.81"},{"v":12.583123200000001,"d":"12.58"},{"v":152.3956032,"d":"152.40"},{"v":17322.766272000004,"d":"17322.77"},{"v":18881.81523648,"d":"18881.82"}]
[5,"墙面一般抹灰（内墙）","1、面浆（或涂料）饰面\n2、2厚面层专用粉刷石膏罩面\n3、10厚粉刷石膏砂浆打底抹平","m2",179.8,{"v":29.588787,"d":"29.59"},{"v":2.66299083,"d":"2.66"},{"v":32.25177783,"d":"32.25"},{"v":5320.0639026,"d":"5320.06"},{"v":5798.869653834001,"d":"5798.87"}]
[6,"块料墙面（卫生间）","1、面砖\n2、1:3水泥砂浆保护层\n3、1.5mm厚聚合物水泥防水涂料\n4、20厚水泥砂浆找平层，四周做成圆弧状","m2",141.1,{"v":157.36995000000002,"d":"157.37"},{"v":14.1632955,"d":"14.16"},{"v":171.53324550000002,"d":"171.53"},{"v":22204.899945,"d":"22204.90"},{"v":24203.340940050002,"d":"24203.34"}]
[7,"石材踢脚线 （走廊）","1、做法参见国标05J909第TJ8页踢5A","m",32.8,{"v":18.69021,"d":"18.69"},{"v":1.6821189,"d":"1.68"},{"v":20.3723289,"d":"20.37"},{"v":613.0388879999999,"d":"613.04"},{"v":668.21238792,"d":"668.21"}]
[8,"块料踢脚线 （其他房间）","1、5~10厚地砖踢脚，稀水泥浆（或彩色水泥浆）擦缝\n2、8厚水泥砂浆粘结层（内掺建筑胶）\n3、5厚1:3水泥砂浆打底划出纹道","m",63.8,{"v":23.204988,"d":"23.20"},{"v":2.08844892,"d":"2.09"},{"v":25.29343692,"d":"25.29"},{"v":1480.4782344,"d":"1480.48"},{"v":1613.721275496,"d":"1613.72"}]
[9,"天棚龙骨（卫生间）","1、详情参见05J909第DP20棚36B","m2",38.65,{"v":36.466137,"d":"36.47"},{"v":3.28195233,"d":"3.28"},{"v":39.748089330000006,"d":"39.75"},{"v":1409.4161950500002,"d":"1409.42"},{"v":1536.2636526045003,"d":"1536.26"}]
[10,"天棚面层（其他房间）","1、详情参见05J909第DP5页棚4A1","m2",121.5,{"v":17.185284,"d":"17.19"},{"v":1.54667556,"d":"1.55"},{"v":18.73195956,"d":"18.73"},{"v":2088.012006,"d":"2088.01"},{"v":2275.93308654,"d":"2275.93"}]
[11,"墙面一般抹灰（保温外墙）","1、位置及色彩见立面图\n2、做法参见国标05J909第WQ9页外墙9A","m2",160.63,{"v":272.90943000000004,"d":"272.91"},{"v":24.561848700000002,"d":"24.56"},{"v":297.4712787,"d":"297.47"},{"v":43837.44174090001,"d":"43837.44"},{"v":47782.811497581,"d":"47782.81"}]
[12,"墙面一般抹灰（无保温外墙）","1、位置及色彩见立面图\n2、做法参见国标05J909第WQ9页外墙","m2",10.8,{"v":83.87130599999999,"d":"83.87"},{"v":7.548417539999999,"d":"7.55"},{"v":91.41972353999999,"d":"91.42"},{"v":905.8101048,"d":"905.81"},{"v":987.333014232,"d":"987.33"}]
[13,"水泥砂浆楼地面找平层","1、详见图纸","m2",340,{"v":84.55904100000001,"d":"84.56"},{"v":7.610313690000001,"d":"7.61"},{"v":92.16935469,"d":"92.17"},{"v":28750.073940000002,"d":"28750.07"},{"v":31337.580594600004,"d":"31337.58"}]
["门窗工程"]
[14,"木质门","1、门代号及洞口尺寸：900*2100\n2、详见图集16J607-1","m2",4.2,{"v":736.92828,"d":"736.93"},{"v":66.3235452,"d":"66.32"},{"v":803.2518252,"d":"803.25"},{"v":3095.098776,"d":"3095.10"},{"v":3373.65766584,"d":"3373.66"}]
[15,"金属门","1、门名称、代号及洞口尺寸：1200*2100\n2、详见图集16J607-1","m2",7.56,{"v":417.406599,"d":"417.41"},{"v":37.56659391,"d":"37.57"},{"v":454.97319291,"d":"454.97"},{"v":3155.5938884400002,"d":"3155.59"},{"v":3439.5973383996,"d":"3439.60"}]
[16,"金属窗","1、窗代号及洞口尺寸：1800*1500\n2、详见图集16J607-1","m2",37.92,{"v":396.83927700000004,"d":"396.84"},{"v":35.715534930000004,"d":"35.72"},{"v":432.55481193,"d":"432.55"},{"v":15048.145383840003,"d":"15048.15"},{"v":16402.4784683856,"d":"16402.48"}]
[17,"格栅门安装","1、详见图纸","m2",8.1,{"v":205.48712700000002,"d":"205.49"},{"v":18.49384143,"d":"18.49"},{"v":223.98096843000002,"d":"223.98"},{"v":1664.4457287,"d":"1664.45"},{"v":1814.245844283,"d":"1814.25"}]
[18,"墙面钢板（丝）网","部位：砌体填充墙与钢筋混凝土梁、柱、剪力墙墙肢等两种不同基体交接处,\n1、外墙体与混凝土柱,梁相接处用1厚钢板网(网孔尺寸10*10mm)外敷后再粉刷砂浆,搭接宽度大于300;内墙 及外墙体内侧与柱、梁相接处采用300宽160克/m2 耐碱玻纤网格布加强。","m2",113.69,{"v":3.106944,"d":"3.11"},{"v":0.27962496,"d":"0.28"},{"v":3.38656896,"d":"3.39"},{"v":353.22846336,"d":"353.23"},{"v":385.0190250624,"d":"385.02"}]
[19,"金属扶手、栏杆、栏板","1、详见图纸","m",14.4,{"v":105.490458,"d":"105.49"},{"v":9.49414122,"d":"9.49"},{"v":114.98459922,"d":"114.98"},{"v":1519.0625952,"d":"1519.06"},{"v":1655.7782287680002,"d":"1655.78"}]
[20,"内墙、梁柱面装饰脚手架","1、详见图纸","m2",98,{"v":3.6328590000000003,"d":"3.63"},{"v":0.32695731,"d":"0.33"},{"v":3.9598163100000003,"d":"3.96"},{"v":356.02018200000003,"d":"356.02"},{"v":388.06199838000003,"d":"388.06"}]
[21,"电子显示屏","1、按招标人要求","个",1,{"v":8091,"d":"8091.00"},{"v":728.1899999999999,"d":"728.19"},8819.19,{"v":8091,"d":"8091.00"},8819.19]
["管理用房会议室精装修（暂列金额）"]
[22,"预留会议室内精装修","暂列金额","套",1,{"v":100000,"d":"100000.00"},{"$f":"F31*$G$4","v":{"v":9000,"d":"9000.00"}},{"$f":"F31+G31","v":{"v":109000,"d":"109000.00"}},{"v":100000,"d":"100000.00"},{"$f":"E31*H31","v":{"v":109000,"d":"109000.00"}},"本项工程为暂列金额，按建设单位要求进行施工"]
["二","门房"]
["楼地面装饰工程"]
[23,"块料楼地面","1、8~10（10~15）厚地砖，干水泥擦缝\n2、20厚1:3干硬性水泥砂浆结合层，表面撒水泥粉\n3、水泥浆一道（内掺建筑胶）\n4、60厚C15混凝土垫层\n5、素土夯实","m2",15.19,{"v":139.796298,"d":"139.80"},{"v":12.58166682,"d":"12.58"},{"v":152.37796482000002,"d":"152.38"},{"$f":"E34*F34","v":{"v":2123.50576662,"d":"2123.51"}},{"v":2314.6212856158004,"d":"2314.62"}]
[24,"块料踢脚线","1、5~10厚地砖踢脚，稀水泥浆（或彩色水泥浆）擦缝\n2、8厚水泥砂浆粘结层（内掺建筑胶）\n3、5厚1:3水泥砂浆打底划出纹道","m",16.6,{"v":23.204988,"d":"23.20"},{"v":2.08844892,"d":"2.09"},{"v":25.29343692,"d":"25.29"},{"v":385.20280080000003,"d":"385.20"},{"v":419.87105287200006,"d":"419.87"}]
[25,"墙面一般抹灰（保温外墙）","1、位置及色彩见立面图\n2、做法参见国标05J909第WQ9页外墙9A","m2",54.7,{"v":272.90943000000004,"d":"272.91"},{"v":24.561848700000002,"d":"24.56"},{"v":297.4712787,"d":"297.47"},{"v":14928.145821000004,"d":"14928.15"},{"v":16271.678944890002,"d":"16271.68"}]
[26,"墙面一般抹灰（内墙）","1、面浆（或涂料）饰面\n2、2厚面层专用粉刷石膏罩面\n3、10厚粉刷石膏砂浆打底抹平","m2",32.35,{"v":61.078959,"d":"61.08"},{"v":5.4971063099999995,"d":"5.50"},{"v":66.57606530999999,"d":"66.58"},{"v":1975.90432365,"d":"1975.90"},{"v":2153.7357127785,"d":"2153.74"}]
[27,"石材墙面（门樘）","1、10厚深灰色大理石\n2、详见图纸设计","m2",27.3,{"v":178.31754899999999,"d":"178.32"},{"v":16.04857941,"d":"16.05"},{"v":194.36612841,"d":"194.37"},{"v":4868.0690877,"d":"4868.07"},{"v":5306.195305593,"d":"5306.20"}]
[28,"石膏板吊顶","1、详情参见05J909第DP5页棚4A1","m2",15.19,{"v":59.371758,"d":"59.37"},{"v":5.34345822,"d":"5.34"},{"v":64.71521622,"d":"64.72"},{"v":901.85700402,"d":"901.86"},{"v":983.0241343818,"d":"983.02"}]
["门窗工程"]
[29,"金属门","1、详见图集16J607-1","m2",3.5,{"v":417.406599,"d":"417.41"},{"v":37.56659391,"d":"37.57"},{"v":454.97319291,"d":"454.97"},{"v":1460.9230965000002,"d":"1460.92"},{"v":1592.4061751850002,"d":"1592.41"}]
[30,"金属窗","1、详见图集16J607-1","m2",10.35,{"v":396.83927700000004,"d":"396.84"},{"v":35.715534930000004,"d":"35.72"},{"v":432.55481193,"d":"432.55"},{"v":4107.28651695,"d":"4107.29"},{"v":4476.9423034755,"d":"4476.94"}]
[31,"电动伸缩门","1、详见图纸","m2",11.7,{"v":706.870215,"d":"706.87"},{"v":63.61831935,"d":"63.62"},{"v":770.48853435,"d":"770.49"},{"v":8270.3815155,"d":"8270.38"},{"v":9014.715851895,"d":"9014.72"}]
[32,"米色真石漆","1、详见施工图纸","m2",51.78,{"v":60.682500000000005,"d":"60.68"},{"v":5.461425,"d":"5.46"},{"v":66.14392500000001,"d":"66.14"},{"v":3142.1398500000005,"d":"3142.14"},{"v":3424.9324365000007,"d":"3424.93"}]
[33,"墙面钢板（丝）网","1、部位：砌体填充墙与钢筋混凝土梁、柱、剪力墙墙肢等两种不同基体交接处,\n1、外墙体与混凝土柱,梁相接处用1厚钢板网(网孔尺寸10*10mm)外敷后再粉刷砂浆,搭接宽度大于300;内墙 及外墙体内侧与柱、梁相接处采用300宽160克/m2 耐碱玻纤网格布加强。","m2",52.81,{"v":3.106944,"d":"3.11"},{"v":0.27962496,"d":"0.28"},{"v":3.38656896,"d":"3.39"},{"v":164.07771264000002,"d":"164.08"},{"v":178.8447067776,"d":"178.84"}]
[34,"净化饮水器","1、按招标人要求","台",1,{"v":4045.5,"d":"4045.50"},{"v":364.09499999999997,"d":"364.10"},{"v":4409.595,"d":"4409.60"},{"v":4045.5,"d":"4045.50"},{"v":4409.595,"d":"4409.60"}]
["三","管理用房安装工程"]
["强电工程"]
[35,"配电箱","1、名称：AP\n2、安装方式：暗装\n3、具体详见图纸、图集、答疑、招标文件、政府相关文件、规范等其他资料，满足验收要求\n4、成套箱体安装","台",1,{"v":4345.748919,"d":"4345.75"},{"$f":"F49*$G$4","v":{"v":391.11740270999996,"d":"391.12"}},{"$f":"F49+G49","v":{"v":4736.866321709999,"d":"4736.87"}},{"$f":"E49*F49","v":{"v":4345.748919,"d":"4345.75"}},{"$f":"E49*H49","v":{"v":4736.866321709999,"d":"4736.87"}}]
[36,"配管","1、名称：电气配管\n2、材质：焊接钢管\n3、规格：SC50\n4、配置要求：暗配","m",3.57,{"v":24.701823,"d":"24.70"},{"v":2.22316407,"d":"2.22"},{"v":26.92498707,"d":"26.92"},{"v":88.18550811,"d":"88.19"},{"v":96.1222038399,"d":"96.12"}]
[37,"配管","1、名称：电气配管\n2、材质：焊接钢管\n3、规格：SC65\n4、配置要求：暗配","m",5.1,{"v":34.783209,"d":"34.78"},{"v":3.1304888099999997,"d":"3.13"},{"v":37.91369781,"d":"37.91"},{"v":177.3943659,"d":"177.39"},{"v":193.359858831,"d":"193.36"}]
[38,"配管","1、名称：电气配管\n2、材质：阻然塑料\n3、规格：PC20\n4、配置要求：暗配","m",490,{"v":4.53096,"d":"4.53"},{"v":0.4077864,"d":"0.41"},{"v":4.9387464,"d":"4.94"},{"v":2220.1704,"d":"2220.17"},{"v":2419.985736,"d":"2419.99"}]
[39,"电力电缆","1、名称：电力电缆\n2、型号：ZR-YJV0.6\n3、规格：5*10\n4、材质：铜芯\n5、敷设方式、部位：管内或桥架敷设","m",6.73,{"v":41.531103,"d":"41.53"},{"v":3.73779927,"d":"3.74"},{"v":45.26890227,"d":"45.27"},{"v":279.50432319000004,"d":"279.50"},{"v":304.6597122771,"d":"304.66"}]
[40,"电力电缆头","1、名称：电缆头\n2、型号：10m2以内\n3、电压等级（kV)：1kv","个",2,{"v":86.322879,"d":"86.32"},{"v":7.76905911,"d":"7.77"},{"v":94.09193811,"d":"94.09"},{"v":172.645758,"d":"172.65"},{"v":188.18387622,"d":"188.18"}]
[41,"配线","1、名称：电气配线\n2、型号：ZR-BV-2.5\n3、配线部位：砖混凝土管内敷设","m",939,{"v":2.225025,"d":"2.23"},{"v":0.20025225,"d":"0.20"},{"v":2.42527725,"d":"2.43"},{"v":2089.298475,"d":"2089.30"},{"v":2277.3353377500002,"d":"2277.34"}]
[42,"配线","1、名称：电气配线\n2、型号：ZR-BV-4\n3、配线部位：砖混凝土管内敷设","m",38,{"v":2.694303,"d":"2.69"},{"v":0.24248727,"d":"0.24"},{"v":2.93679027,"d":"2.94"},{"v":102.383514,"d":"102.38"},{"v":111.59803026,"d":"111.60"}]
[43,"配线","1、名称：电气配线\n2、型号：ZR-BV-6\n3、配线部位：砖混凝土管内敷设","m",566.13,{"v":3.72186,"d":"3.72"},{"v":0.33496739999999997,"d":"0.33"},{"v":4.0568273999999995,"d":"4.06"},{"v":2107.0566018,"d":"2107.06"},{"v":2296.691695962,"d":"2296.69"}]
[44,"工厂灯","1、名称：防水防潮灯\n2、型号：LED\n3、安装形式：吸顶","套",6,{"v":105.967827,"d":"105.97"},{"v":9.53710443,"d":"9.54"},{"v":115.50493143,"d":"115.50"},{"v":635.806962,"d":"635.81"},{"v":693.02958858,"d":"693.03"}]
[45,"普通灯具","1、名称：LED扁圆灯\n2、型号：详见图纸或业主选定\n3、安装方式：吸顶安装","套",10,{"v":85.271049,"d":"85.27"},{"v":7.6743944100000006,"d":"7.67"},{"v":92.94544341000001,"d":"92.95"},{"v":852.71049,"d":"852.71"},{"v":929.4544341000001,"d":"929.45"}]
[46,"普通灯具","1、名称：LED平板灯\n2、型号：LED\n3、安装方式：吸顶安装","套",12,{"v":80.529723,"d":"80.53"},{"v":7.24767507,"d":"7.25"},{"v":87.77739807,"d":"87.78"},{"v":966.3566760000001,"d":"966.36"},{"v":1053.32877684,"d":"1053.33"}]
[47,"中杆灯","1、名称：中杆灯\n2、灯杆材质及高度：LED\n3、灯架的型号、规格：详见施工图纸","套",4,{"v":2345.508081,"d":"2345.51"},{"v":211.09572728999999,"d":"211.10"},{"v":2556.60380829,"d":"2556.60"},{"v":9382.032324,"d":"9382.03"},{"v":10226.41523316,"d":"10226.42"}]
[48,"照明开关","1、名称：单联开关\n2、规格：220V  10A\n3、安装方式：嵌墙暗装,下沿距地1300mm","个",2,{"v":7.063443,"d":"7.06"},{"v":0.63570987,"d":"0.64"},{"v":7.699152870000001,"d":"7.70"},{"v":14.126886,"d":"14.13"},{"v":15.398305740000001,"d":"15.40"}]
[49,"照明开关","1、名称：防水双联开关\n2、规格：220V  10A\n3、安装方式：嵌墙暗装,下沿距地1300mm","个",5,{"v":13.406787000000001,"d":"13.41"},{"v":1.20661083,"d":"1.21"},{"v":14.613397830000002,"d":"14.61"},{"v":67.03393500000001,"d":"67.03"},{"v":73.06698915000001,"d":"73.07"}]
[50,"照明开关","1、名称：双联开关\n2、规格：220V  10A\n3、安装方式：嵌墙暗装,下沿距地1300mm","个",4,{"v":8.301366,"d":"8.30"},{"v":0.7471229399999999,"d":"0.75"},{"v":9.04848894,"d":"9.05"},{"v":33.205464,"d":"33.21"},{"v":36.19395576,"d":"36.19"}]
[51,"插座","1、名称：安全型五孔插座\n2、型号：250V  10A\n3、安装方式：嵌墙暗装,下沿距地300mm","个",14,{"v":9.215649,"d":"9.22"},{"v":0.8294084100000001,"d":"0.83"},{"v":10.045057410000002,"d":"10.05"},{"v":129.01908600000002,"d":"129.02"},{"v":140.63080374000003,"d":"140.63"}]
[52,"插座","1、名称：单相三孔暗插座\n2、型号：250V  10A\n3、安装方式：底边距地2m暗装","个",4,{"v":8.277093,"d":"8.28"},{"v":0.7449383700000001,"d":"0.74"},{"v":9.02203137,"d":"9.02"},{"v":33.108372,"d":"33.11"},{"v":36.08812548,"d":"36.09"}]
[53,"插座","1、名称：防水插座\n2、型号：250V  10A\n3、安装方式：暗装","个",16,{"v":10.995669,"d":"11.00"},{"v":0.9896102099999999,"d":"0.99"},{"v":11.98527921,"d":"11.99"},{"v":175.930704,"d":"175.93"},{"v":191.76446736,"d":"191.76"}]
[54,"风扇","1、名称：壁式排风扇\n2、型号：详见施工图纸设计\n3、安装方式：壁装","台",4,{"v":85.45714200000002,"d":"85.46"},{"v":7.691142780000002,"d":"7.69"},{"v":93.14828478000003,"d":"93.15"},{"v":341.8285680000001,"d":"341.83"},{"v":372.5931391200001,"d":"372.59"}]
[55,"接线盒","1、名称：接线盒\n2、材质：塑料\n3、安装形式：暗装","个",224,{"v":4.158774,"d":"4.16"},{"v":0.37428966,"d":"0.37"},{"v":4.53306366,"d":"4.53"},{"v":931.565376,"d":"931.57"},{"v":1015.40625984,"d":"1015.41"}]
[56,"送配电装置系统","1、名称：送配电调试\n2、电压等级（KV)：1KV","系统",1,{"v":210.15563400000002,"d":"210.16"},{"v":18.91400706,"d":"18.91"},{"v":229.06964106,"d":"229.07"},{"v":210.15563400000002,"d":"210.16"},{"v":229.06964106,"d":"229.07"}]
[57,"避雷网","1、名称：避雷网\n2、规格：40*4扁钢做接闪带\n3、本建筑物为三类防雷.屋面的接闪网,带按20mX20m或24mX16m的网格设置\n4、屋面上的金属扶梯,金属栏杆及所有金属构件均与避雷网相连接","m",82,{"v":19.442673000000003,"d":"19.44"},{"v":1.7498405700000002,"d":"1.75"},{"v":21.192513570000003,"d":"21.19"},{"v":1594.2991860000002,"d":"1594.30"},{"v":1737.7861127400001,"d":"1737.79"}]
[58,"避雷引下线","1、名称：引下线\n2、规格：利用柱内主筋(>φ16)两根作引下线","m",18,{"v":7.872543,"d":"7.87"},{"v":0.70852887,"d":"0.71"},{"v":8.58107187,"d":"8.58"},{"v":141.70577400000002,"d":"141.71"},{"v":154.45929366000001,"d":"154.46"}]
[59,"断接卡子制作、安装","1、名称：测试箱\n2、规格：距地500mm处设测试卡","套",4,{"v":54.824616000000006,"d":"54.82"},{"v":4.93421544,"d":"4.93"},{"v":59.75883144000001,"d":"59.76"},{"v":219.29846400000002,"d":"219.30"},{"v":239.03532576000003,"d":"239.04"}]
[60,"等电位端子箱、测试板","1、名称：局部等电位箱","台（块）",2,{"v":18.674028,"d":"18.67"},{"$f":"F74*$G$4","v":{"v":1.6806625199999998,"d":"1.68"}},{"$f":"F74+G74","v":{"v":20.35469052,"d":"20.35"}},{"$f":"E74*F74","v":{"v":37.348056,"d":"37.35"}},{"$f":"E74*H74","v":{"v":40.70938104,"d":"40.71"}}]
[61,"等电位端子箱、测试板","1、名称：总等电位箱\n2、规格：MEB箱设在配电间(距地300mm处明装)","台（块）",1,{"v":71.216982,"d":"71.22"},{"v":6.40952838,"d":"6.41"},{"v":77.62651038,"d":"77.63"},{"v":71.216982,"d":"71.22"},{"v":77.62651038,"d":"77.63"}]
[62,"接地装置","1、名称：接地系统调试","系统/组",1,{"v":506.36714400000005,"d":"506.37"},{"v":45.57304296,"d":"45.57"},{"v":551.94018696,"d":"551.94"},{"v":506.36714400000005,"d":"506.37"},{"v":551.94018696,"d":"551.94"}]
["弱电工程"]
[63,"机柜、机架","1、名称：弱电机柜\n2、规格型号：9U\n3、安装方式：壁挂","台",1,{"v":601.986582,"d":"601.99"},{"$f":"F78*$G$4","v":{"v":54.17879238,"d":"54.18"}},{"$f":"F78+G78","v":{"v":656.16537438,"d":"656.17"}},{"$f":"E78*F78","v":{"v":601.986582,"d":"601.99"}},{"$f":"E78*H78","v":{"v":656.16537438,"d":"656.17"}}]
[64,"配线架","1、名称：配线架\n2、容量：24口","条",1,{"v":335.85741,"d":"335.86"},{"v":30.2271669,"d":"30.23"},{"v":366.0845769,"d":"366.08"},{"v":335.85741,"d":"335.86"},{"v":366.0845769,"d":"366.08"}]
[65,"交换机","1、名称：交换机\n2、规格型号：24口","台",1,{"v":871.190334,"d":"871.19"},{"v":78.40713006,"d":"78.41"},{"v":949.59746406,"d":"949.60"},{"v":871.190334,"d":"871.19"},{"v":949.59746406,"d":"949.60"}]
[67,"配管","1、名称：电气配管\n2、材质：阻然塑料\n3、规格：PC20\n4、配置要求：暗配","m",95,{"v":4.927419,"d":"4.93"},{"v":0.44346771,"d":"0.44"},{"v":5.370886710000001,"d":"5.37"},{"v":468.10480500000006,"d":"468.10"},{"v":510.2342374500001,"d":"510.23"}]
[68,"配管","1、名称：电气配管\n2、材质：阻然塑料\n3、规格：PC25\n4、配置要求：暗配","m",24.51,{"v":5.728428,"d":"5.73"},{"v":0.51555852,"d":"0.52"},{"v":6.24398652,"d":"6.24"},{"v":140.40377028,"d":"140.40"},{"v":153.0401096052,"d":"153.04"}]
[69,"双绞线缆","1、名称：网线\n2、规格型号：UTP-6","m",882,{"v":5.801247,"d":"5.80"},{"v":0.52211223,"d":"0.52"},{"v":6.32335923,"d":"6.32"},{"v":5116.699854,"d":"5116.70"},{"v":5577.20284086,"d":"5577.20"}]
[70,"电视、电话插座","1、名称：无线AP面板\n2、技术参数：详见施工图纸设计","个",1,{"v":37.23478200000001,"d":"37.23"},{"v":3.3511303800000007,"d":"3.35"},{"v":40.58591238000001,"d":"40.59"},{"v":37.23478200000001,"d":"37.23"},{"v":40.58591238000001,"d":"40.59"}]
[71,"电视、电话插座","1、规格型号：86\n2、技术参数：详见施工图纸设计\n3、安装方式：壁装、暗装","个",2,{"v":32.43681900000001,"d":"32.44"},{"v":2.9193137100000004,"d":"2.92"},{"v":35.356132710000004,"d":"35.36"},{"v":64.87363800000001,"d":"64.87"},{"v":70.71226542000001,"d":"70.71"}]
["给水工程"]
[72,"塑料管","1、名称：PPR热水管\n2、安装部位：室内\n3、介质：热水\n4、规格、压力等级：DN15\n5、连接形式：热熔连接\n6、压力试验及吹洗设计要求：管道清洗及消毒","m",7.8,{"v":14.48289,"d":"14.48"},{"v":1.3034601,"d":"1.30"},{"v":15.7863501,"d":"15.79"},{"v":112.96654199999999,"d":"112.97"},{"v":123.13353078,"d":"123.13"}]
[73,"塑料管","1、名称：PPR给水管\n2、安装部位：室内\n3、介质：冷水\n4、规格、压力等级：DN15\n5、连接形式：热熔连接\n6、压力试验及吹洗设计要求：管道清洗及消毒","m",22.6,{"v":13.180239,"d":"13.18"},{"v":1.18622151,"d":"1.19"},{"v":14.36646051,"d":"14.37"},{"v":297.87340140000003,"d":"297.87"},{"v":324.682007526,"d":"324.68"}]
[74,"塑料管","1、名称：PPR给水管\n2、安装部位：室内\n3、介质：冷水\n4、规格、压力等级：DN20\n5、连接形式：热熔连接\n6、压力试验及吹洗设计要求：管道清洗及消毒","m",1.14,{"v":15.914997000000001,"d":"15.91"},{"v":1.43234973,"d":"1.43"},{"v":17.34734673,"d":"17.35"},{"v":18.14309658,"d":"18.14"},{"v":19.7759752722,"d":"19.78"}]
[75,"塑料管","1、名称：PPR给水管\n2、安装部位：室内\n3、介质：冷水\n4、规格、压力等级：DN25\n5、连接形式：热熔连接\n6、压力试验及吹洗设计要求：管道清洗及消毒","m",3.18,{"v":20.195136,"d":"20.20"},{"v":1.81756224,"d":"1.82"},{"v":22.012698240000002,"d":"22.01"},{"v":64.22053248,"d":"64.22"},{"v":70.00038040320001,"d":"70.00"}]
[76,"塑料管","1、名称：PPR给水管\n2、安装部位：室内\n3、介质：冷水\n4、规格、压力等级：DN32\n5、连接形式：热熔连接\n6、压力试验及吹洗设计要求：管道清洗及消毒","m",9.03,{"v":24.127362,"d":"24.13"},{"v":2.17146258,"d":"2.17"},{"v":26.29882458,"d":"26.30"},{"v":217.87007886,"d":"217.87"},{"v":237.4783859574,"d":"237.48"}]
[77,"塑料管","1、名称：PPR给水管\n2、安装部位：室内\n3、介质：冷水\n4、规格、压力等级：DN40\n5、连接形式：热熔连接\n6、压力试验及吹洗设计要求：管道清洗及消毒","m",1.6,{"v":30.033792,"d":"30.03"},{"v":2.70304128,"d":"2.70"},{"v":32.73683328,"d":"32.74"},{"v":48.0540672,"d":"48.05"},{"v":52.378933248,"d":"52.38"}]
[78,"塑料管","1、名称：PPR给水管\n2、安装部位：室内\n3、介质：冷水\n4、规格、压力等级：DN50\n5、连接形式：热熔连接\n6、压力试验及吹洗设计要求：管道清洗及消毒","m",11.46,{"v":38.496978,"d":"38.50"},{"v":3.46472802,"d":"3.46"},{"v":41.96170602,"d":"41.96"},{"v":441.17536788,"d":"441.18"},{"v":480.8811509892,"d":"480.88"}]
[79,"塑料管","1、名称：PPR给水管\n2、安装部位：室内\n3、介质：冷水\n4、规格、压力等级：DN65\n5、连接形式：热熔连接\n6、压力试验及吹洗设计要求：管道清洗及消毒","m",6.9,{"v":48.133359000000006,"d":"48.13"},{"v":4.33200231,"d":"4.33"},{"v":52.465361310000006,"d":"52.47"},{"v":332.12017710000003,"d":"332.12"},{"v":362.0109930390001,"d":"362.01"}]
[80,"复合管","1、名称：钢丝网骨架复合管\n2、安装部位：室内\n3、介质：冷水\n4、规格、压力等级：DN65\n5、连接形式：螺纹\n6、压力试验及吹洗设计要求：消毒冲洗、压力试验","m",6.81,{"v":100.97568,"d":"100.98"},{"v":9.087811199999999,"d":"9.09"},{"v":110.0634912,"d":"110.06"},{"v":687.6443807999999,"d":"687.64"},{"v":749.5323750719999,"d":"749.53"}]
[81,"焊接法兰阀门","1、类型：闸阀\n2、规格、压力等级：DN65\n3、焊接方法：法兰连接","个",2,{"v":226.21626899999998,"d":"226.22"},{"v":20.35946421,"d":"20.36"},{"v":246.57573320999998,"d":"246.58"},{"v":452.43253799999997,"d":"452.43"},{"v":493.15146641999996,"d":"493.15"}]
[82,"水表","1、安装部位(室内外）：室外\n2、型号、规格：LXS-50F\n3、连接形式：螺纹","组",1,{"v":180.06520500000002,"d":"180.07"},{"v":16.20586845,"d":"16.21"},{"v":196.27107345000002,"d":"196.27"},{"v":180.06520500000002,"d":"180.07"},{"v":196.27107345000002,"d":"196.27"}]
[83,"螺纹阀门","1、类型：止回阀\n2、规格、压力等级：DN15","个",1,{"v":41.814288,"d":"41.81"},{"v":3.7632859199999995,"d":"3.76"},{"v":45.57757392,"d":"45.58"},{"v":41.814288,"d":"41.81"},{"v":45.57757392,"d":"45.58"}]
[84,"螺纹阀门","1、类型：截止阀\n2、规格、压力等级：DN15","个",4,{"v":28.933415999999998,"d":"28.93"},{"v":2.6040074399999997,"d":"2.60"},{"v":31.537423439999998,"d":"31.54"},{"v":115.73366399999999,"d":"115.73"},{"v":126.14969375999999,"d":"126.15"}]
[85,"大便器","1、名称：自闭式冲洗阀蹲式大便器\n2、规格、类型：陶瓷\n3、组装形式：成品\n4、附件名称、数量：包含所需附件\n5、材料详见国标09S304/87","组",4,{"v":536.489937,"d":"536.49"},{"v":48.28409433,"d":"48.28"},{"v":584.7740313300001,"d":"584.77"},{"v":2145.959748,"d":"2145.96"},{"v":2339.0961253200003,"d":"2339.10"}]
[86,"洗脸盆","1、材质：台下式洗脸盆\n2、规格、类型：陶瓷\n3、组装形式：成品\n4、附件名称、数量：符合设计要求\n5、材料详见国标09S304/52","组",1,{"v":266.37999300000007,"d":"266.38"},{"v":23.974199370000004,"d":"23.97"},{"v":290.3541923700001,"d":"290.35"},{"v":266.37999300000007,"d":"266.38"},{"v":290.3541923700001,"d":"290.35"}]
[87,"其他成品卫生器具","1、名称：污水池（乙型）\n2、组装形式：成品\n3、附件名称、数量：包含所需附件\n4、材料详见国标09S304/20","组",2,{"v":145.888821,"d":"145.89"},{"$f":"F102*$G$4","v":{"v":13.12999389,"d":"13.13"}},{"$f":"F102+G102","v":{"v":159.01881489000002,"d":"159.02"}},{"$f":"E102*F102","v":{"v":291.777642,"d":"291.78"}},{"$f":"E102*H102","v":{"v":318.03762978000003,"d":"318.04"}}]
["排水工程"]
[88,"塑料管","1、硬聚氯乙烯(PVC-U)实壁排水管\n2、安装部位：室内\n3、介质：生活排水\n4、规格、压力等级：De50\n5、连接形式：承插粘接连接","m",13,{"v":15.308172,"d":"15.31"},{"v":1.3777354800000001,"d":"1.38"},{"v":16.68590748,"d":"16.69"},{"v":199.006236,"d":"199.01"},{"v":216.91679724000002,"d":"216.92"}]
[89,"塑料管","1、硬聚氯乙烯(PVC-U)实壁排水管\n2、安装部位：室内\n3、介质：生活排水\n4、规格、压力等级：De75\n5、连接形式：承插粘接连接","m",5,{"v":24.135453,"d":"24.14"},{"v":2.17219077,"d":"2.17"},{"v":26.30764377,"d":"26.31"},{"v":120.67726499999999,"d":"120.68"},{"v":131.53821885,"d":"131.54"}]
[90,"塑料管","1、硬聚氯乙烯(PVC-U)实壁排水管\n2、安装部位：室内\n3、介质：生活排水\n4、规格、压力等级：De110\n5、连接形式：承插粘接连接","m",13,{"v":34.443387,"d":"34.44"},{"v":3.09990483,"d":"3.10"},{"v":37.54329183,"d":"37.54"},{"v":447.76403100000005,"d":"447.76"},{"v":488.06279379,"d":"488.06"}]
[91,"给、排水附（配）件","1、名称：地漏\n2、型号、规格：DN50\n3、不锈钢箅子","个（组）",6,{"v":15.688449,"d":"15.69"},{"v":1.41196041,"d":"1.41"},{"v":17.10040941,"d":"17.10"},{"v":94.130694,"d":"94.13"},{"v":102.60245646000001,"d":"102.60"}]
["雨水工程"]
[92,"塑料管","1、安装部位：室外\n2、介质：雨水\n3、规格、压力等级：De110\n4、连接形式：承插粘接连接\n5、名称：硬聚氯乙烯(PVC-U)实壁排水管","m",13.2,{"v":31.312170000000005,"d":"31.31"},{"$f":"F109*$G$4","v":{"v":2.8180953000000004,"d":"2.82"}},{"$f":"F109+G109","v":{"v":34.130265300000005,"d":"34.13"}},{"$f":"E109*F109","v":{"v":413.3206440000001,"d":"413.32"}},{"$f":"E109*H109","v":{"v":450.51950196,"d":"450.52"}}]
[93,"给、排水附（配）件","1、名称：侧入式雨水斗\n2、材质：DN100","个（组）",4,{"v":34.734663000000005,"d":"34.73"},{"v":3.1261196700000005,"d":"3.13"},{"v":37.860782670000006,"d":"37.86"},{"v":138.93865200000002,"d":"138.94"},{"v":151.44313068000002,"d":"151.44"}]
["消防工程"]
[94,"灭火器","1、名称：灭火器箱","具",1,{"v":43.699491,"d":"43.70"},{"$f":"F112*$G$4","v":{"v":3.9329541900000002,"d":"3.93"}},{"$f":"F112+G112","v":{"v":47.63244519,"d":"47.63"}},{"$f":"E112*F112","v":{"v":43.699491,"d":"43.70"}},{"$f":"E112*H112","v":{"v":47.63244519,"d":"47.63"}}]
[95,"灭火器","1、名称：灭火器\n2、规格、型号：磷酸铵盐干粉灭火器MF/ABC3","具",1,{"v":101.46114,"d":"101.46"},{"v":9.1315026,"d":"9.13"},{"v":110.5926426,"d":"110.59"},{"v":101.46114,"d":"101.46"},{"v":110.5926426,"d":"110.59"}]
["脚手架搭拆"]
[96,"脚手架搭拆","1、脚手架费用","项",{"v":1,"d":"1.00"},{"v":330.76008,"d":"330.76"},{"v":29.7684072,"d":"29.77"},{"v":360.52848720000003,"d":"360.53"},{"$f":"E115*F115","v":{"v":330.76008,"d":"330.76"}},{"$f":"E115*H115","v":{"v":360.52848720000003,"d":"360.53"}}]
["四","管理用房安装工程"]
["强电工程"]
[97,"配电箱","1、名称：N1\n2、安装方式：暗装\n3、具体详见图纸、图集、答疑、招标文件、政府相关文件、规范等其他资料，满足验收要求\n4、成套箱体安装","台",1,{"v":1028.438919,"d":"1028.44"},{"$f":"F118*$G$4","v":{"v":92.55950270999999,"d":"92.56"}},{"$f":"F118+G118","v":{"v":1120.99842171,"d":"1121.00"}},{"$f":"E118*F118","v":{"v":1028.438919,"d":"1028.44"}},{"$f":"E118*H118","v":{"v":1120.99842171,"d":"1121.00"}}]
[98,"配管","1、名称：电气配管\n2、材质：焊接钢管\n3、规格：SC50\n4、配置要求：暗配","m",20,{"v":24.701823,"d":"24.70"},{"v":2.22316407,"d":"2.22"},{"v":26.92498707,"d":"26.92"},{"v":494.03646000000003,"d":"494.04"},{"v":538.4997414,"d":"538.50"}]
[99,"配管","1、名称：电气配管\n2、材质：焊接钢管\n3、规格：SC40\n4、配置要求：暗配","m",4,{"v":20.365047,"d":"20.37"},{"v":1.83285423,"d":"1.83"},{"v":22.19790123,"d":"22.20"},{"v":81.460188,"d":"81.46"},{"v":88.79160492,"d":"88.79"}]
[100,"配管","1、名称：电气配管\n2、材质：阻然塑料\n3、规格：PC20\n4、配置要求：暗配","m",37,{"v":4.53096,"d":"4.53"},{"v":0.4077864,"d":"0.41"},{"v":4.9387464,"d":"4.94"},{"v":167.64552,"d":"167.65"},{"v":182.73361680000002,"d":"182.73"}]
[101,"配线","1、名称：电气配线\n2、型号：ZR-BV-2.5\n3、配线部位：砖混凝土管内敷设","m",114,{"v":2.225025,"d":"2.23"},{"v":0.20025225,"d":"0.20"},{"v":2.42527725,"d":"2.43"},{"v":253.65285,"d":"253.65"},{"v":276.4816065,"d":"276.48"}]
[102,"普通灯具","1、名称：LED平板灯\n2、型号：LED\n3、安装方式：吸顶安装","套",1,{"v":80.529723,"d":"80.53"},{"v":7.24767507,"d":"7.25"},{"v":87.77739807,"d":"87.78"},{"v":80.529723,"d":"80.53"},{"v":87.77739807,"d":"87.78"}]
[103,"照明开关","1、名称：单联开关\n2、规格：220V  10A\n3、安装方式：嵌墙暗装,下沿距地1300mm","个",1,{"v":7.063443,"d":"7.06"},{"v":0.63570987,"d":"0.64"},{"v":7.699152870000001,"d":"7.70"},{"v":7.063443,"d":"7.06"},{"v":7.699152870000001,"d":"7.70"}]
[104,"插座","1、名称：安全型五孔插座\n2、型号：250V  10A\n3、安装方式：嵌墙暗装,下沿距地300mm","个",3,{"v":9.215649,"d":"9.22"},{"v":0.8294084100000001,"d":"0.83"},{"v":10.045057410000002,"d":"10.05"},{"v":27.646947000000004,"d":"27.65"},{"v":30.135172230000006,"d":"30.14"}]
[105,"插座","1、名称：单相三孔暗插座\n2、型号：250V  10A\n3、安装方式：底边距地2m暗装","个",1,{"v":8.277093,"d":"8.28"},{"v":0.7449383700000001,"d":"0.74"},{"v":9.02203137,"d":"9.02"},{"v":8.277093,"d":"8.28"},{"v":9.02203137,"d":"9.02"}]
[106,"接线盒","1、名称：接线盒\n2、材质：塑料\n3、安装形式：暗装","个",6,{"v":4.158774,"d":"4.16"},{"v":0.37428966,"d":"0.37"},{"v":4.53306366,"d":"4.53"},{"v":24.952644,"d":"24.95"},{"v":27.19838196,"d":"27.20"}]
[107,"送配电装置系统","1、名称：送配电调试\n2、电压等级（KV)：1KV","系统",1,{"v":210.15563400000002,"d":"210.16"},{"v":18.91400706,"d":"18.91"},{"v":229.06964106,"d":"229.07"},{"v":210.15563400000002,"d":"210.16"},{"v":229.06964106,"d":"229.07"}]
[108,"等电位端子箱、测试板","1、名称：局部等电位箱","台（块）",2,{"v":18.674028,"d":"18.67"},{"v":1.6806625199999998,"d":"1.68"},{"v":20.35469052,"d":"20.35"},{"v":37.348056,"d":"37.35"},{"v":40.70938104,"d":"40.71"}]
[109,"等电位端子箱、测试板","1、名称：总等电位箱\n2、规格：MEB箱设在配电间(距地300mm处明装)","台（块）",1,{"v":71.216982,"d":"71.22"},{"v":6.40952838,"d":"6.41"},{"v":77.62651038,"d":"77.63"},{"v":71.216982,"d":"71.22"},{"v":77.62651038,"d":"77.63"}]
[110,"接地母线","1、名称：接地母线安装\n2、材质：热镀锌扁铁\n3、规格：4*40mm","m",4,{"v":22.848984,"d":"22.85"},{"v":2.05640856,"d":"2.06"},{"v":24.905392560000003,"d":"24.91"},{"v":91.395936,"d":"91.40"},{"v":99.62157024000001,"d":"99.62"}]
[111,"均压环","1、名称：接地线安装\n2、材质：利用梁内主筋","m",18,{"v":3.171672,"d":"3.17"},{"v":0.28545048,"d":"0.29"},{"v":3.45712248,"d":"3.46"},{"v":57.090096,"d":"57.09"},{"v":62.22820464,"d":"62.23"}]
[112,"接地装置","1、名称：接地系统调试","系统/组",1,{"v":506.36714400000005,"d":"506.37"},{"v":45.57304296,"d":"45.57"},{"v":551.94018696,"d":"551.94"},{"v":506.36714400000005,"d":"506.37"},{"v":551.94018696,"d":"551.94"}]
["弱电工程"]
[113,"配管","1、名称：电气配管\n2、材质：SC\n3、规格：DN20\n4、配置要求：暗配","m",10,{"v":8.568369,"d":"8.57"},{"v":0.77115321,"d":"0.77"},{"v":9.33952221,"d":"9.34"},{"v":85.68369000000001,"d":"85.68"},{"v":93.3952221,"d":"93.40"}]
[114,"接线盒","1、名称：接线盒\n2、材质：钢质","个",1,{"v":4.870781999999999,"d":"4.87"},{"v":0.4383703799999999,"d":"0.44"},{"v":5.30915238,"d":"5.31"},{"v":4.870781999999999,"d":"4.87"},{"v":5.30915238,"d":"5.31"}]
["消防工程"]
[115,"灭火器","1、名称：灭火器箱","具",1,{"v":43.699491,"d":"43.70"},{"v":3.9329541900000002,"d":"3.93"},{"v":47.63244519,"d":"47.63"},{"v":43.699491,"d":"43.70"},{"v":47.63244519,"d":"47.63"}]
[116,"灭火器","1、名称：灭火器\n2、规格、型号：磷酸铵盐干粉灭火器MF/ABC3","具",2,{"v":101.46114,"d":"101.46"},{"v":9.1315026,"d":"9.13"},{"v":110.5926426,"d":"110.59"},{"v":202.92228,"d":"202.92"},{"v":221.1852852,"d":"221.19"}]
["脚手架搭拆",{"$nulls":5},{"v":0,"d":"0.00"},{"v":0,"d":"0.00"},{"v":0,"d":"0.00"},{"v":0,"d":"0.00"}]
[117,"脚手架搭拆","1、脚手架费用","项",{"v":1,"d":"1.00"},{"v":48.675456000000004,"d":"48.68"},{"v":4.38079104,"d":"4.38"},{"v":53.05624704,"d":"53.06"},{"v":48.675456000000004,"d":"48.68"},{"v":53.05624704,"d":"53.06"}]
[null,"总价(元)",{"$nulls":6},{"$f":"SUM(I6:I141)","v":{"v":380169.24694081006,"d":"380169.25"}},{"$f":"SUM(J5:J141)","v":{"v":414384.4791654828,"d":"414384.48"}}]